000 00605nam a2200205 i 4500
001 24981
003 ES-MaACL
005 20240517125321.0
007 t|
008 021219s1973 sp ||||1| spa d
245 0 0 _aAproximación al pensamiento de Fourier /
_cTomás Segovia... [et al.].
260 _aMadrid :
_bMiguel Castellote,
_c[1973]
300 _a172 p. ;
_c17 cm.
490 1 _aBásica ;
_v15
650 4 _aFourierismo.
_9149689
700 1 _aSegovia, Tomás,
_d1927-2011
_9105153
830 0 _aBásica ;
_v15
_9184155
852 _aES-MaACL
_jC-53742
_bR.86790
999 _c24981
_d24981